Virtualizácia v IP sieťach

Saved in:
Bibliographic Details
Main Author: Hermánek, Tomáš (Author)
Other Authors: Halagan, Tomáš (Thesis advisor)
Format: Manuscript Book
Language:Slovak
Published: 2015
Subjects:
Online Access:http://is.stuba.sk/zp/portal_zp.pl?podrobnosti=97081
Tags: Add Tag
No Tags, Be the first to tag this record!

MARC

LEADER 00000ntm a22000003a 4500
001 stuzp53602
003 SK-STU
005 20160719154523.3
007 ta
008 150427s2015----xo-----f-mn---000-0-slo-d
040 |a STU  |b slo 
041 0 |a slo 
044 |a xo 
100 1 |a Hermánek, Tomáš  |u 070100  |4 aut  |U FIIT Fakulta informatiky a informačných technológií  |T FIIT Ústav počítačových systémov a sietí  |X 52417  |U I100  |Y 178  |7 52417 
242 0 1 |a Virtualization in IP networks  |y eng 
245 1 0 |a Virtualizácia v IP sieťach 
260 |c 2015 
300 |a 55 s.  |e CD-ROM 
650 4 |a OpenVPN  |2 slo 
650 4 |a VPN  |2 slo 
650 4 |a NFV  |2 slo 
650 4 |a NFV  |2 eng 
650 4 |a OpenVPN  |2 eng 
650 4 |a VPN  |2 eng 
700 1 |a Halagan, Tomáš  |4 ths  |X 47968  |7 47968 
856 4 |u http://is.stuba.sk/zp/portal_zp.pl?podrobnosti=97081 
996 |b 284IB00006  |c I* BAP6/15  |l II680  |s P  |a 0  |w stuzp53602_0001 
SQL |a stuzp53602  |b DBP  |c SLO  |d Virtualizácia v IP sieťach  |e 52417  |f Hermánek, Tomáš  |g 070100  |h 47968  |i Halagan, Tomáš  |j 20150616  |k 661  |l 07  |m http://is.stuba.sk/zp/portal_zp.pl?podrobnosti=97081  |n B-PKSS  |o 9.2.4. počítačové inžinierstvo